Vista normal Vista MARC

Entrada Materia (personas)

Número de registros utilizados en: 1

001 - CONTROL NUMBER

  • control field: 90653

003 - CONTROL NUMBER IDENTIFIER

  • control field: Co-BoUCM

005 - DATE AND TIME OF LATEST TRANSACTION

  • control field: 20171214155327.0

008 - FIXED-LENGTH DATA ELEMENTS

  • fixed length control field: 171214|| aca||aabn | a|a d

040 ## - CATALOGING SOURCE

  • Original cataloging agency: Co-BoUCM
  • Transcribing agency: Co-BoUCM

100 ## - HEADING--PERSONAL NAME

  • Personal name: Palacio Castañeda, Germán Alonso
  • Dates associated with a name: 1957-

670 ## - SOURCE DATA FOUND

  • Source citation: Work cat.: (Co-BoUCM)45793: Palacio Castañeda, Germán Alonso 1957-, Civilizando la tierra caliente, 2004